| 000 | 02067nam a2200421 a 4500 | ||
|---|---|---|---|
| 001 | ebr10470178 | ||
| 003 | CaPaEBR | ||
| 006 | m u | ||
| 007 | cr cn||||||||| | ||
| 008 | 100707s2011 cauab sb 001 0 eng d | ||
| 010 | _z 2010028607 | ||
| 020 | _z9780804770002 (cloth : alk. paper) | ||
| 020 | _z9780804777841 (e-book) | ||
| 040 |
_aCaPaEBR _cCaPaEBR |
||
| 035 | _a(OCoLC)727944971 | ||
| 043 |
_aff----- _ae-fr--- |
||
| 050 | 1 | 4 |
_aHT1345 _b.W45 2011eb |
| 082 | 0 | 4 |
_a306.3/620961 _222 |
| 100 | 1 | _aWeiss, Gillian Lee. | |
| 245 | 1 | 0 |
_aCaptives and corsairs _h[electronic resource] : _bFrance and slavery in the early modern Mediterranean / _cGillian Weiss. |
| 260 |
_aStanford, Calif. : _bStanford University Press, _c2011. |
||
| 300 |
_axi, 389 p. : _bill., maps. |
||
| 504 | _aIncludes bibliographical references and index. | ||
| 505 | 0 | _aMediterranean slavery -- Salvation without the state -- Manumission and absolute monarchy -- Bombarding Barbary -- Emancipation in an age of enlightenment -- Liberation and empire from the Revolution to Napoleon -- Barbary slavery in black and white -- The conquest of Algiers. | |
| 520 | _aFrench response to the capture and enslavement of French citizens and subjects by Muslim corsairs in the Mediterranean. | ||
| 533 |
_aElectronic reproduction. _bPalo Alto, Calif. : _cebrary, _d2011. _nAvailable via World Wide Web. _nAccess may be limited to ebrary affiliated libraries. |
||
| 650 | 0 |
_aSlavery _zAfrica, North _xHistory. |
|
| 650 | 0 |
_aFrench _zAfrica, North _xHistory. |
|
| 650 | 0 |
_aSlaves _xEmancipation _zAfrica, North _xHistory. |
|
| 650 | 0 |
_aSlavery _xPolitical aspects _zFrance _xHistory. |
|
| 650 | 0 |
_aPirates _zAfrica, North _xHistory. |
|
| 651 | 0 |
_aFrance _xRelations _zAfrica, North. |
|
| 651 | 0 |
_aAfrica, North _xRelations _zFrance. |
|
| 651 | 0 |
_aAfrica, North _xHistory _y1517-1882. |
|
| 655 | 7 |
_aElectronic books. _2local |
|
| 710 | 2 | _aebrary, Inc. | |
| 856 | 4 | 0 |
_uhttp://site.ebrary.com/lib/rucke/Doc?id=10470178 _zAn electronic book accessible through the World Wide Web; click to view |
| 999 |
_c114273 _d114273 |
||